000 00624nam a22002177a 4500
999 _c3837
_d3837
003 OSt
005 20210323160502.0
008 160502b xxu||||| |||| 00| 0 eng d
020 _a1853835994.
040 _cDDC.
082 _a634.92 SUS 1999.
100 _aHigman, Sophie; [et......al]
_98412
245 _aThe Sustainable Forestry Handbook.
260 _aLondon.
_bEarthscarn Publications Ltd,
_c1999.
300 _axiii,289p;
_bill;
_c25cm.
504 _aAppendices,Glossary and index are included,
650 _aForestry.
_98413
650 _aAgriculture
_94591
650 _aConservation
_95920
942 _2ddc
_cSLOAN